Statistics for Most Patriotic Countries

Click here to take the quiz!

General Stats

  • This quiz has been taken 72 times
  • The average score is 7 of 15

Answer Stats

Patriotism LevelAnswer% Correct
75India
83%
73Turkey
72%
89Pakistan
65%
89Vietnam
61%
72Thailand
55%
94Morocco
45%
76Afghanistan
42%
86Bangladesh
42%
72Armenia
41%
73Philippines
41%
85Azerbaijan
38%
74Finland
22%
94Fiji
17%
76Georgia
17%
84Papua New Guinea
10%

Score Distribution

Percentile by Number Answered

Percent of People with Each Score

Your Score History

You have not taken this quiz